MLB Stat Leaders 2024 - Pitching - Statistics

General Stats
  • This quiz has been taken 5 times
  • The average score is 11 of 25
Answer Stats
Hint Answer % Correct
18 Tarik Skubal
100%
2.39 Tarik Skubal
100%
228 Tarik Skubal
100%
22 Tarik Skubal
100%
18 Chris Sale
75%
2.38 Chris Sale
75%
225 Chris Sale
75%
47 Emmanuel Clase
50%
49 Ryan Helsley
50%
16 Zack Wheeler
50%
2.57 Zack Wheeler
50%
224 Zack Wheeler
50%
26 Zack Wheeler
50%
223 Cole Ragans
25%
22 Corbin Burnes
25%
224 Dylan Cease
25%
16 Jose Berrios
25%
34 Josh Hader
25%
38 Kyle Finnegan
25%
22 Logan Gilbert
25%
2.91 Shota Imanaga
25%
36 Robert Suarez
0%
2.80 Ronel Blanco
0%
16 Seth Lugo
0%
22 Seth Lugo
0%
No matching quizzes found
Score Distribution
Percent of People with Each Score
Percentile by Number Answered
Your Score History
You have not taken this quiz